[Event "RUS-Cup1 Chigorin mem"]
[Site "St Petersburg"]
[Date "1996.??.??"]
[Round "6"]
[White "Lukin, Andrei M"]
[Black "Novikov, Igor A"]
[Result "1/2-1/2"]
[WhiteElo "2470"]
[BlackElo "2585"]

1.e4 c5 2.Nf3 d6 3.d4 cxd4 4.Nxd4 Nf6 5.Nc3 a6 6.Be2 e6 7.O-O Be7 8.f4 Qc7
9.Kh1 O-O 10.a4 Rd8 11.Qe1 b6 12.Bf3 Bb7 13.Be3 Nbd7 14.Bf2 e5 15.Nf5 Bf8
16.fxe5 dxe5 17.Bh4 Re8 18.Qg3 Kh8 19.Rad1 Rac8 20.Bg4 Nxg4 21.Qxg4 Nc5 22.Nh6 f6
23.Bxf6 Nxe4 24.Nxe4 Bxe4 25.Bxg7+ Bxg7 26.Nf7+ Kg8 27.Nh6+ Kh8 28.Nf7+ Kg8
29.Qxe4 Qc6 30.Qg4 Qe6 31.Qe2 Rf8 32.Ng5 Rxf1+ 33.Qxf1 Qg4 34.Qf7+ Kh8 35.Qd7 Qxd7
36.Rxd7 h6 37.Rd8+ Rxd8 38.Nf7+ Kh7 39.Nxd8 Kg6 40.Kg1 Kf5 41.Nc6 Ke6 42.Kf2 Kd6
43.Nb4 a5 44.Na2 e4 45.c3 Kd5 46.Nc1 Bf6 47.Ke2 h5 48.g3 h4 49.gxh4 Bxh4
50.Nb3 Bd8 51.Nd4 Bg5 52.b3 Bf6 53.Kd2 Bg5+ 54.Kc2 Bf6 55.h3 Ke5 56.Kd2 Kf4
57.Ke2 Ke5 58.Nc2 Ke6 59.Kd2 Ke5 60.Ne3 Bd8 61.Ke2 Ke6 62.Ng2 Bf6 63.Ke3 Kf5
64.Kd2 Bg5+ 65.Ne3+ Ke6 66.Ke2 Bd8 67.Nc4 Kd5 68.Kf2 Bh4+ 69.Kf1 Kc5 70.Ke2 Bf6
71.Kd2 Bd8 72.Ke3 Bf6 73.Kxe4 Bxc3 74.h4 Kb4 75.Nxb6 Kxb3 76.h5 Bd2 77.Kd5 Kb4  1/2-1/2

[Event "RUS-Cup1 Chigorin mem"]
[Site "St Petersburg"]
[Date "1996.??.??"]
[Round "9"]
[White "Novikov, Igor A"]
[Black "Fedorov, Alexei"]
[Result "0-1"]
[WhiteElo "2585"]
[BlackElo "2555"]

1.d4 Nf6 2.c4 g6 3.Nc3 Bg7 4.e4 d6 5.f3 O-O 6.Bg5 Nc6 7.Nge2 a6 8.Qd2 Rb8
9.Rc1 h5 10.b3 Nh7 11.Bh4 Qe8 12.d5 Ne5 13.Nd4 c5 14.dxc6 bxc6 15.Be2 c5
16.Nc2 Nc6 17.O-O Bb7 18.Kh1 e6 19.Bd3 Nd4 20.Nxd4 cxd4 21.Ne2 e5 22.c5 Qd7
23.Rc2 Rfc8 24.Rfc1 d5 25.exd5 Bxd5 26.Bxa6 Rc6 27.Bd3 f5 28.Bg3 h4 29.Bxh4 e4
30.Nxd4 exd3 31.Nxc6 Bxc6 32.Rc4 g5 33.Bf2 g4 34.fxg4 Qd5 35.Rg1 Re8 36.Be3 Ng5
37.Rf4 Nh3 38.Rxf5 Qe4 39.Rf3 Nxg1 40.Kxg1 Qe5 41.Rh3 Qa1+ 42.Kf2 Rf8+ 43.Kg3 Qe5+
44.Kh4 Bf6+ 45.g5 Qe4+  0-1

[Event "Vendrell op"]
[Site "Vendrell"]
[Date "1996.??.??"]
[Round "5"]
[White "Campos Moreno, Javier B"]
[Black "Novikov, Igor A"]
[Result "0-1"]
[WhiteElo "2475"]
[BlackElo "2590"]

1.d4 d5 2.c4 e6 3.Nf3 Nf6 4.Nc3 c6 5.Bg5 h6 6.Bxf6 Qxf6 7.e3 Nd7 8.Bd3 dxc4
9.Bxc4 g6 10.O-O Bg7 11.b4 O-O 12.a4 e5 13.a5 exd4 14.exd4 Qd6 15.Qb1 b6
16.Re1 bxa5 17.bxa5 c5 18.Nb5 Qf6 19.Ne5 Nxe5 20.dxe5 Qg5 21.Nd6 Be6 22.Bxe6 fxe6
23.Qb3 Rab8 24.Qxe6+ Kh7 25.Re2 Rb4 26.Rae1 Rd4 27.g3 Qd8 28.h4 Qxa5 29.Qe7 Qd8
30.Qxa7 Rg4 31.Re4 Qxh4 32.Rxg4 Qxg4 33.Qxc5 Qe6 34.Qc4 Qe7 35.Qd5 Rd8 36.f4 Qa7+
37.Kg2 Rb8 38.e6 Rb2+ 39.Kh3 Qf2 40.Rh1 Rd2 41.Qc6 Re2  0-1

[Event "Vendrell op"]
[Site "Vendrell"]
[Date "1996.??.??"]
[Round "6"]
[White "Novikov, Igor A"]
[Black "Timoshchenko, Gennadi A"]
[Result "1-0"]
[WhiteElo "2590"]
[BlackElo "2530"]

1.d4 Nf6 2.c4 g6 3.Nc3 Bg7 4.e4 d6 5.f3 O-O 6.Bg5 a6 7.Qd2 Nbd7 8.Nge2 c5
9.Bh6 Qa5 10.h4 b5 11.h5 Bxh6 12.Qxh6 e5 13.dxe5 dxe5 14.O-O-O Rd8 15.hxg6 fxg6
16.Qh4 Kg7 17.Rd6 Bb7 18.f4 b4 19.fxe5 h5 20.Rxf6 Nxe5 21.Re6 bxc3 22.Qf6+ Kg8
23.Nxc3  1-0

[Event "Yerevan op"]
[Site "Yerevan"]
[Date "1996.??.??"]
[Round "1"]
[White "Novikov, Igor A"]
[Black "Grigorian, Arusiak"]
[Result "1-0"]
[WhiteElo "2590"]
[BlackElo "2165"]

1.d4 Nf6 2.c4 g6 3.Nc3 Bg7 4.e4 d6 5.Nge2 O-O 6.Ng3 Nc6 7.d5 Ne5 8.f4 Ned7
9.Bd3 Re8 10.O-O e6 11.dxe6 Rxe6 12.h3 Nc5 13.Bc2 b6 14.e5 Nfd7 15.b4 Nb7
16.Rb1 dxe5 17.f5 Re8 18.Nce4 a5 19.c5 bxc5 20.fxg6 hxg6 21.Bg5 f6 22.Bb3+ Kh8
23.Qg4 Nf8 24.Qh4+ Nh7 25.Rbd1 Qe7 26.Nxf6  1-0

[Event "Yerevan op"]
[Site "Yerevan"]
[Date "1996.??.??"]
[Round "3"]
[White "Novikov, Igor A"]
[Black "Petrosian, Arshak B"]
[Result "1-0"]
[WhiteElo "2590"]
[BlackElo "2465"]

1.d4 d5 2.c4 e6 3.Nf3 Nf6 4.Nc3 Be7 5.Bg5 h6 6.Bh4 O-O 7.e3 b6 8.Bd3 Bb7
9.O-O Nbd7 10.Qe2 c5 11.Bg3 Ne4 12.cxd5 exd5 13.Rad1 Ndf6 14.dxc5 Nxc3 15.bxc3 Bxc5
16.Nd4 Qc8 17.f3 Qe8 18.Rfe1 Qe7 19.Bh4 Rfe8 20.Bc2 a6 21.Qd3 g6 22.Nb3 Kg7
23.Nxc5 Qxc5 24.Bb3 Rac8 25.Rc1 Nd7 26.Qd4+ Ne5 27.Red1 Qxd4 28.Rxd4 Nc6
29.Rxd5 Na5 30.Rd6 g5 31.Bf2 Nxb3 32.axb3 Rc6 33.Rxc6 Bxc6 34.e4 b5 35.Ra1 Bb7
36.Rd1 Bc6 37.Bb6 Re7 38.Kf2 Rd7 39.Bd4+ Kg6 40.Ra1 Bb7 41.b4 Rd6 42.h4 Bc8
43.hxg5 hxg5 44.Rh1 Rd8 45.Ke3 f5 46.exf5+ Bxf5 47.Kf2 Re8 48.Be3 Rf8 49.Bc5 Rf7
50.Rh8 g4 51.f4 Rd7 52.Rg8+ Kf7 53.Rf8+ Kg6 54.Bd4 Rd6 55.Be5 Rd2+ 56.Ke1 Rxg2
57.Rf6+ Kh5 58.Rxf5+ Kh4 59.Rf8  1-0

[Event "Yerevan ol (Men)"]
[Site "Yerevan"]
[Date "1996.??.??"]
[Round "4"]
[White "Novikov, Igor A"]
[Black "Mohr, Georg"]
[Result "1/2-1/2"]
[WhiteElo "2585"]
[BlackElo "2510"]

1.d4 Nf6 2.c4 g6 3.Nc3 Bg7 4.e4 d6 5.f3 O-O 6.Bg5 c6 7.Qd2 a6 8.Bd3 b5 9.Nge2 Nbd7
10.O-O Rb8 11.b3 e5 12.Kh1 Re8 13.d5 b4 14.Na4 c5 15.a3 a5 16.Nb2 Qc7 17.a4 Nf8
18.Bh6 Qe7 19.g4 Bxh6 20.Qxh6 Kh8 21.Ng3 Ng8 22.Qd2 h6 23.Nd1 Qg5 24.Ne3 Nf6
25.Qf2 h5 26.gxh5 Nxh5 27.Nxh5 gxh5 28.Rg1 Qf6 29.Rg3 Bd7 30.Rag1 Nh7 31.Qg2 Rf8
32.Nf5 Bxf5 33.exf5 Qh6 34.Be4 Nf6 35.Rg5 h4 36.Qd2 Qh7 37.Rg7 Qh5 38.R7g5 Qh7
39.Rg7 Qh5 40.R7g5  1/2-1/2

[Event "Yerevan op"]
[Site "Yerevan"]
[Date "1996.??.??"]
[Round "5"]
[White "Novikov, Igor A"]
[Black "Brodsky, Michail"]
[Result "1-0"]
[WhiteElo "2590"]
[BlackElo "2545"]

1.d4 Nf6 2.c4 e6 3.Nf3 d5 4.cxd5 exd5 5.Nc3 c6 6.Qc2 g6 7.Bg5 Be7 8.e4 Nxe4
9.Bxe7 Kxe7 10.Nxe4 dxe4 11.Qxe4+ Kf8 12.Bc4 Bf5 13.Qf4 Qe7+ 14.Kf1 Kg7 15.Ng5 Rf8
16.g4 h6 17.h4 Bxg4 18.Re1 Qb4 19.b3 hxg5 20.hxg5 Nd7 21.Qxg4 f5 22.Rh7+  1-0

[Event "Yerevan op"]
[Site "Yerevan"]
[Date "1996.??.??"]
[Round "6"]
[White "Vaisser, Anatoli"]
[Black "Novikov, Igor A"]
[Result "1-0"]
[WhiteElo "2565"]
[BlackElo "2590"]

1.d4 d5 2.c4 e6 3.Nc3 c6 4.e4 dxe4 5.Nxe4 Bb4+ 6.Bd2 Qxd4 7.Bxb4 Qxe4+ 8.Be2 c5
9.Bxc5 Qxg2 10.Bf3 Qg5 11.Bd6 Ne7 12.Ne2 Nbc6 13.Rg1 Qf6 14.Qb3 O-O 15.Bxc6 bxc6
16.Ng3 e5 17.Qa3 Nf5 18.Bxf8 Nd4 19.O-O-O Bg4 20.Bc5 Bxd1 21.Rxd1 Qxf2 22.Bxd4 exd4
23.Rd2 Qe1+ 24.Kc2 Qe5 25.Re2 Qf6 26.Qe7 Qg6+ 27.Qe4 Rd8 28.Kd3 f6 29.Nf5 Kh8
30.Rg2 Qh5 31.Qg4 Qxg4 32.Rxg4 g6 33.Ne7 c5 34.Re4 Kg7 35.b4 f5 36.Re2 cxb4
37.c5 Rd7 38.c6 Rc7 39.Rc2 Kf7 40.Nd5 Rc8 41.Kxd4 g5 42.Ke5 f4 43.c7 f3 44.Kd6 g4
45.Rc4 h5 46.Rf4+ Kg7 47.h3 gxh3 48.Rxf3 a5 49.Rxh3 Kh6 50.Kd7  1-0

[Event "Yerevan op"]
[Site "Yerevan"]
[Date "1996.??.??"]
[Round "10"]
[White "Sveshnikov, Evgeny"]
[Black "Novikov, Igor A"]
[Result "1/2-1/2"]
[WhiteElo "2565"]
[BlackElo "2590"]

1.e4 c5 2.c3 d5 3.exd5 Qxd5 4.d4 Nf6 5.Nf3 e6 6.Na3 Nc6 7.Nb5 Qd7 8.Ne5 Qd8
9.Qf3 Nxe5 10.dxe5 Nd5 11.Qg3 Bd7 12.Nd6+ Bxd6 13.Qxg7 Bxe5 14.Qxe5 Qf6 15.Qxf6 Nxf6
16.Bg5 Nd5 17.O-O-O Rg8 18.Bh4 Bc6 19.Rg1 f5 20.g3 Kf7 21.Be2 Nf6 22.h3 Rad8
23.Rxd8 Rxd8 24.g4 Rg8 25.Kd2 h5 26.g5 Ne4+ 27.Ke3 Kg6 28.Rd1 Rf8 29.Kf4 Nxg5
30.Rg1 e5+ 31.Kxe5 Re8+ 32.Kd6 Re6+ 33.Kc7 Rxe2 34.Rxg5+ Kh6 35.Rxf5 Rxb2
36.a3 Ra2 37.Rxc5 Rxa3 38.Bg5+ Kg6 39.Be3 Bf3 40.h4 Rb3 41.Rg5+ Kh7 42.Bd4 a6
43.Rg7+ Kh6 44.Rf7 Be4 45.f3 Bd3 46.Rd7 Kg6 47.Rd6+ Kh7 48.Rd5 Rb5 49.Bc5 Bg6
50.f4 Bf7 51.Re5 Kg6 52.Rg5+ Kh7 53.c4 Bxc4 54.Rxh5+ Kg6 55.Rg5+ Kh7 56.h5 b6  1/2-1/2

[Event "Yerevan op"]
[Site "Yerevan"]
[Date "1996.??.??"]
[Round "11"]
[White "Novikov, Igor A"]
[Black "Nalbandian, Tigran"]
[Result "1/2-1/2"]
[WhiteElo "2590"]
[BlackElo "2475"]

1.d4 d5 2.c4 c6 3.Nf3 Nf6 4.Nc3 e6 5.cxd5 cxd5 6.Bf4 Be7 7.e3 O-O 8.Bd3 Nc6
9.h3 a6 10.O-O Bd7  1/2-1/2

[Event "WchT 4th"]
[Site "Luzern"]
[Date "1997.10.27"]
[Round "3"]
[White "Novikov, Igor A"]
[Black "Borges Mateos, Juan"]
[Result "0-1"]
[WhiteElo "2590"]
[BlackElo "2480"]

1.d4 d5 2.c4 c6 3.Nf3 Nf6 4.Nc3 e6 5.Bg5 Nbd7 6.cxd5 exd5 7.e3 Be7 8.Qc2 O-O
9.Bd3 Re8 10.O-O Nf8 11.Rae1 Be6 12.Ne5 N6d7 13.Bxe7 Rxe7 14.f4 f6 15.Nf3 Nb6
16.f5 Bf7 17.h3 Qc7 18.Qf2 Rae8 19.Re2 Nc8 20.Nd2 Nd7 21.Rfe1 c5 22.Qf3 Qd6
23.Bb5 a6 24.dxc5 Qxc5 25.Bxd7 Rxd7 26.Nb3 Qb6 27.Na4 Qa7 28.Nac5 Rde7 29.Rc1 Nd6
30.Nd4 Re5 31.Kh2 Nc4 32.Nce6 Bxe6 33.Nxe6 Nxe3 34.Rc7 R8xe6 35.fxe6 Qb8
36.Rc1 Ng4+ 37.Qxg4 Rxe2+ 38.Kh1 Re5 39.e7 Kf7 40.Qd7 Rxe7 41.Qxd5+ Kg6 42.Qd3+ Kh6
43.Qd2+ g5 44.Rd1 Kg7 45.a4 Qe5 46.Qd8 h5 47.Rd7 Kf7 48.Rxe7+ Qxe7 49.Qd1 Kg6
50.Qb3 Kh6 51.g3 a5 52.Kg2 Qc7 53.Qd1 Qc6+ 54.Kh2 Qe4 55.b3 Qe5 56.Kg2 h4
57.gxh4 gxh4 58.Qf3 f5 59.Kf2 Qh2+ 60.Kf1 Kg5 61.Qc3 Qd6 62.Qxa5 Qd3+ 63.Kf2 Qc2+
64.Kg1 Kf4 65.Qd8 Kf3 66.Qd5+ Qe4 67.Qd1+ Qe2 68.Qf1+ Qxf1+ 69.Kxf1 Ke3 70.b4 Kd4
71.Ke2 Kc4 72.b5 Kb4 73.Kf3 Kxa4 74.b6 Kb5 75.Kf4 Kxb6 76.Kg5 Kc5 77.Kxh4 b5  0-1

[Event "Rishon Le Ziyyon 9798"]
[Site "Rishon Le Ziyyon"]
[Date "1997.12.25"]
[Round "1"]
[White "Novikov, Igor A"]
[Black "Alienkin, Aleksander"]
[Result "1-0"]
[WhiteElo "2590"]
[BlackElo "2435"]

1.d4 Nf6 2.c4 c5 3.d5 e5 4.Nc3 d6 5.e4 Be7 6.Bd3 O-O 7.h3 Ne8 8.Nf3 Na6 9.g4 Nac7
10.a3 Bd7 11.b4 b6 12.Rb1 Rb8 13.Be3 g6 14.Bh6 Ng7 15.Qd2 Nce8 16.Ke2 Rc8
17.Rbg1 Kh8 18.Nd1 Nf6 19.b5 a6 20.a4 Ra8 21.Bc2 Qc8 22.Qc3 Ng8 23.Bc1 f5
24.Ne3 f4 25.Ng2 a5 26.Nge1 Nh6 27.g5 Nf7 28.h4 Nh5 29.Nd3 Kg8 30.Bd1 Bd8
31.Kd2 Bc7 32.Nh2 Kg7 33.Bxh5 gxh5 34.Nxf4 Kh8 35.g6  1-0

[Event "Rishon Le Ziyyon 9798"]
[Site "Rishon Le Ziyyon"]
[Date "1997.12.29"]
[Round "5"]
[White "Novikov, Igor A"]
[Black "Mikhalevski, Alexander"]
[Result "1/2-1/2"]
[WhiteElo "2590"]
[BlackElo "2470"]

1.d4 d5 2.c4 e6 3.Nf3 Nf6 4.Nc3 Be7 5.Bg5 O-O 6.e3 b6 7.Bd3 Nbd7 8.O-O Bb7
9.Qe2 c5 10.Rfd1 Rc8 11.cxd5 Nxd5 12.Nxd5 Bxg5 13.Nc3 cxd4 14.exd4 Bxf3 15.Qxf3 Nf6
16.g3 Qe7 17.h4  1/2-1/2

[Event "Rishon Le Ziyyon 9798"]
[Site "Rishon Le Ziyyon"]
[Date "1997.12.31"]
[Round "7"]
[White "Novikov, Igor A"]
[Black "Zaichik, Gennadi"]
[Result "1/2-1/2"]
[WhiteElo "2590"]
[BlackElo "2540"]

1.d4 Nf6 2.c4 e6 3.Nf3 c5 4.d5 exd5 5.cxd5 Bd6 6.Nc3 O-O 7.e4 Re8 8.Bd3 Bc7
9.O-O d6 10.h3 a6 11.a4 Nbd7 12.Bf4 Rb8 13.Re1 Nf8 14.Nd2 Ng6 15.Bg3 Ne5
16.Bf1 Bd7 17.f4 Ng6 18.Qf3 b5 19.axb5 axb5 20.b4 c4 21.Bf2 h5 22.g3 Bb6
23.Bxb6 Qxb6+ 24.Qf2 Qb7 25.Qd4 h4 26.f5 Ne5 27.g4 Ra8 28.Qf2 Rxa1 29.Rxa1 Ra8
30.Rxa8+ Qxa8 31.Ndb1 Qa1 32.Bg2 Nd3 33.Qa2 Qxa2 34.Nxa2 Nh7 35.Na3 Ng5 36.Nc3 Nxb4
37.Naxb5 Bxb5 38.Nxb5 Nd3 39.Bf1 Nxe4 40.Na3 Ne5 41.Bxc4 Kf8 42.Bf1 Nf3+
43.Kg2 Ne1+ 44.Kg1 Ke7 45.Be2 Nc3 46.Bf1 Nf3+ 47.Kf2 Ne5 48.Bg2 Kf6 49.Ke3 Kg5
50.Kd2 Na4 51.Ke3 Nb2 52.Bf1 Nd1+ 53.Kd2 Nf2 54.Ke3 Nd1+ 55.Kd2 Nf2 56.Ke3  1/2-1/2

[Event "Cairo-A"]
[Site "Cairo"]
[Date "1997.??.??"]
[Round "4"]
[White "Repkova Eid, Eva"]
[Black "Novikov, Igor A"]
[Result "1/2-1/2"]
[WhiteElo "2330"]
[BlackElo "2580"]

1.e4 c5 2.Nf3 d6 3.d4 cxd4 4.Nxd4 Nf6 5.Nc3 a6 6.Bc4 e6 7.Bb3 b5 8.O-O Be7
9.Qf3 Qb6 10.Be3 Qb7 11.Qg3 Nbd7 12.f3 O-O 13.Nd5 Nxd5 14.exd5 Nc5 15.Nc6 Re8
16.Nxe7+ Qxe7 17.dxe6 Bxe6 18.Bd4 Qf8 19.Rfe1 Rac8 20.Rad1 Bxb3 21.Rxe8  1/2-1/2

[Event "Cairo-A"]
[Site "Cairo"]
[Date "1997.??.??"]
[Round "8"]
[White "Novikov, Igor A"]
[Black "Hassan, Sayed Barakat"]
[Result "1-0"]
[WhiteElo "2580"]
[BlackElo "2390"]

1.d4 Nf6 2.c4 c5 3.d5 d6 4.Nc3 g6 5.e4 Bg7 6.h3 O-O 7.Nf3 e6 8.Bd3 exd5 9.cxd5 a6
10.a4 Nbd7 11.O-O Qc7 12.Re1 Re8 13.Bf4 Nh5 14.Bh2 Ne5 15.Be2 Nf6 16.Nd2 g5
17.Qc2 Nfd7 18.Nd1 Ng6 19.Ne3 Nde5 20.Ra3 b6 21.b4 Qd8 22.bxc5 bxc5 23.Rb1 Nf4
24.Bf1 Ra7 25.Ndc4 Rae7 26.Nb6 Bxh3 27.gxh3 Nf3+ 28.Kh1 Rxe4 29.Qd1 Nxh2
30.Kxh2 h5 31.Nbc4 g4 32.hxg4 Qh4+ 33.Kg1 Bd4 34.Qf3 Kh7 35.Bd3 Nxd3 36.Rxd3 hxg4
37.Qxf7+ Kh8 38.Ng2 Qh6 39.Qf5 Rf8 40.Qxe4 Bxf2+ 41.Kf1 Bg3+ 42.Ke2 Rf2+
43.Kd1 Qh1+ 44.Qe1 Rf1 45.Rxg3 Rxe1+ 46.Nxe1 Qxd5+ 47.Nd2 Qd4 48.Rb7 c4 49.Nc2 Qd5
50.Re7 Qg5 51.Re4 d5 52.Rexg4 Qh5 53.Nf3 Qh1+ 54.Ng1  1-0

[Event "Cairo-A"]
[Site "Cairo"]
[Date "1997.??.??"]
[Round "10"]
[White "Novikov, Igor A"]
[Black "Kaabi, Mejdi"]
[Result "1-0"]
[WhiteElo "2580"]
[BlackElo "2345"]

1.d4 Nf6 2.c4 g6 3.Nc3 Bg7 4.e4 d6 5.f3 O-O 6.Bg5 a6 7.Qd2 c5 8.d5 b5 9.cxb5 Nbd7
10.Nh3 Qa5 11.Nf2 Nb6 12.Nfd1 axb5 13.Nxb5 Bd7 14.Nbc3 Rfb8 15.Rc1 Na4 16.Bc4 Nxc3
17.Nxc3 Ne8 18.O-O Qb4 19.b3 Ra3 20.Rc2 Rba8 21.Bxe7 Bd4+ 22.Kh1 R8a7 23.Bg5 Nc7
24.Bf4 Qb6 25.Nb1 R3a5 26.a4 Na6 27.Nc3 Nb4 28.Rcc1 h5 29.Be3 Bh8 30.f4 f5
31.e5 dxe5 32.d6+ Kh7 33.Bb5 Na6 34.Bc4 e4 35.Qd5 Bg7 36.Bxa6 Qxa6 37.Bxc5 Rb7
38.Rfd1 Bc6 39.Qc4 Qa8 40.Bd4  1-0

[Event "World Cities"]
[Site "Jakarta "]
[Date "1997.??.??"]
[Round "1"]
[White "Mas, Hafizulhelmi"]
[Black "Novikov, Igor A"]
[Result "1/2-1/2"]
[WhiteElo "2370"]
[BlackElo "2590"]

1.e4 c5 2.f4 d5 3.exd5 Qxd5 4.Nc3 Qd8 5.Nf3 Nc6 6.Bb5 Bd7 7.O-O e6 8.Qe2 Be7
9.Bxc6 Bxc6 10.Ne5 Rc8 11.f5 exf5 12.Rxf5 Nf6 13.Nxc6 Rxc6 14.Re5 Qd4+ 15.Kh1 Qd7
16.h3 Re6 17.Rxe6 fxe6 18.d3 O-O 19.Bg5 h6 20.Bxf6 Bxf6 21.Re1 Bxc3 22.bxc3 Rf6
23.Rf1 Rxf1+ 24.Qxf1 Qa4 25.Qb1 b6 26.Qb3 Qc6 27.Qc4 b5 28.Qf4 a6 29.c4 bxc4
30.Qxc4 Qd6 31.c3 Kf7 32.Kg1 Kf6 33.Qh4+ Kf7 34.Qc4 Kf6 35.Qh4+ Kf7 36.Qc4  1/2-1/2

[Event "World Cities"]
[Site "Jakarta "]
[Date "1997.??.??"]
[Round "2"]
[White "Novikov, Igor A"]
[Black "Sitanggang, Salor"]
[Result "1-0"]
[WhiteElo "2590"]
[BlackElo "2410"]

1.d4 Nf6 2.c4 d6 3.Nc3 g6 4.e4 Bg7 5.f3 O-O 6.Bg5 c5 7.d5 a6 8.a4 h6 9.Bf4 Nh5
10.Be3 e5 11.Qd2 Kh7 12.Bd3 Nf4 13.Bc2 b6 14.g3 Nh5 15.Nge2 Nd7 16.O-O Rb8
17.Rab1 Nhf6 18.b4 cxb4 19.Rxb4 Qc7 20.Rfb1 Rb7 21.Nc1 Nc5 22.Nd3 Nfd7 23.Kg2 Nxd3
24.Bxd3 Nc5 25.a5 bxa5 26.Rxb7 Nxb7 27.Na4 f5 28.Qc2 f4 29.Bb6 Qe7 30.Bf2 fxg3
31.hxg3 Qd7 32.Rh1 Qf7 33.Be2 g5 34.Be3 Kg8 35.g4 Bd7 36.Rb1 Bc8 37.Nb6 Qc7
38.Qa4 Nd8 39.Nxc8 Qxc8 40.Qxa5 Nf7 41.Rb6 h5 42.gxh5 Bh6 43.Qxa6 Qd8 44.Qa3 Qf6
45.c5 g4 46.fxg4 Bf4 47.Bxf4  1-0

[Event "World Cities"]
[Site "Jakarta "]
[Date "1997.??.??"]
[Round "4"]
[White "Supriyanto, Tommy"]
[Black "Novikov, Igor A"]
[Result "1/2-1/2"]
[WhiteElo "2360"]
[BlackElo "2590"]

1.e4 c5 2.b3 d6 3.Bb2 e6 4.Nf3 Nf6 5.Nc3 Be7 6.d4 cxd4 7.Nxd4 O-O 8.Bd3 a6
9.a4 b6 10.O-O Bb7 11.f4 Nbd7 12.Qf3 Nc5 13.Rae1 d5 14.e5 Nfe4 15.f5 Nxd3
16.cxd3 Bc5 17.Ne2 Nd2 18.Qg4 exf5 19.Rxf5 Nxb3 20.Kh1 Nxd4 21.Nxd4 Bxd4
22.Bxd4 Qe7 23.e6 fxe6 24.Rxe6 Qc7 25.h4 Rxf5 26.Qxf5 Qc1+ 27.Kh2 Rf8 28.Qe5 Qf4+
29.g3 Qxe5 30.Rxe5 b5 31.Re7 Rf7 32.Re8+ Rf8 33.Re7 Rf7  1/2-1/2

[Event "World Cities"]
[Site "Jakarta "]
[Date "1997.??.??"]
[Round "5"]
[White "Novikov, Igor A"]
[Black "Gausel, Einar"]
[Result "1/2-1/2"]
[WhiteElo "2590"]
[BlackElo "2540"]

1.d4 Nf6 2.c4 e6 3.Nf3 d5 4.Nc3 c6 5.Bg5 h6 6.Bxf6 Qxf6 7.e3 Nd7 8.Bd3 dxc4
9.Bxc4 g6 10.O-O Bg7 11.Rc1 O-O 12.e4 e5 13.d5 Nb6 14.dxc6 bxc6 15.Be2 Bg4
16.Nd2 Be6 17.Bg4 Rfd8 18.Bxe6 Qxe6 19.Qc2 Bf8 20.Rfd1 Bc5 21.Ne2 Bd4 22.Nxd4 Rxd4
23.Nb3 Rxd1+ 24.Rxd1 Qc4 25.Rc1 Rd8 26.h3 Qa4 27.a3 Rd6 28.Nd2 Qxc2 29.Rxc2 c5
30.Kf1 Rd4 31.b3 Nd7 32.Ke2 Kf8 33.f3 Ke7 34.Nc4 Ke6 35.Na5  1/2-1/2

[Event "World Cities"]
[Site "Jakarta "]
[Date "1997.??.??"]
[Round "9"]
[White "Liu Dede"]
[Black "Novikov, Igor A"]
[Result "0-1"]
[WhiteElo "2400"]
[BlackElo "2590"]

1.e4 c5 2.Nf3 d6 3.d4 cxd4 4.Nxd4 Nf6 5.Nc3 a6 6.Be2 e6 7.O-O Be7 8.f4 Qc7
9.a4 O-O 10.Be3 b6 11.Bf3 Bb7 12.g4 Nc6 13.Nb3 Rfe8 14.g5 Nd7 15.Bg2 Bf8
16.Qh5 Nb4 17.Rf2 g6 18.Qh4 Bg7 19.Bd4 e5 20.fxe5 Nxe5 21.Nd5 Nxd5 22.exd5 Re7
23.Nd2 Rae8 24.Bc3 Bc8 25.Ne4 Ng4 26.Rf4 Rxe4 27.Bxe4 Bxc3 28.bxc3 Qc5+ 29.Kg2 Qxc3
30.Re1 Qd2+ 31.Re2  0-1

[Event "Ljubljana op"]
[Site "Ljubljana"]
[Date "1997.??.??"]
[Round "2"]
[White "Novikov, Igor A"]
[Black "Rezonja, Stefan"]
[Result "1-0"]
[WhiteElo "2580"]
[BlackElo "2200"]

1.d4 d5 2.c4 c6 3.Nf3 Nf6 4.Nc3 dxc4 5.a4 Bg4 6.Ne5 Bh5 7.g3 e6 8.Bg2 Bb4
9.O-O a5 10.Nxc4 O-O 11.Na2 Be7 12.Qd2 Bg6 13.Nc3 Nbd7 14.e4 Bb4 15.Qf4 Qb8
16.Qe3 e5 17.dxe5 Nxe5 18.Qd4 Nxc4 19.Qxc4 Qe8 20.Bf4 Qc8 21.f3 Qe6 22.Qxe6 fxe6
23.Be3 h6 24.Rfd1 Rfd8 25.Bb6 Rd7 26.Bh3 Bf7 27.Ne2 Rxd1+ 28.Rxd1 e5 29.Nc1 Ra6
30.Rd8+ Kh7 31.Be3 b5 32.Bc8 Be7 33.axb5 cxb5 34.Bxa6 Bxd8 35.Bxb5 Ne8 36.Nd3 Bc7
37.Bd2 Kg8 38.Bc3 Nd6 39.Ba6 Bb6+ 40.Kf1 Bd4 41.Bxa5  1-0

[Event "Ljubljana op"]
[Site "Ljubljana"]
[Date "1997.??.??"]
[Round "4"]
[White "Novikov, Igor A"]
[Black "Jazbinsek, Sebastjan"]
[Result "1-0"]
[WhiteElo "2580"]
[BlackElo "2175"]

1.d4 Nf6 2.c4 e6 3.Nf3 b6 4.g3 Bb7 5.Bg2 Be7 6.O-O O-O 7.b3 d5 8.Nc3 Ne4
9.Bb2 Nd7 10.cxd5 Nxc3 11.Bxc3 Bxd5 12.Qc2 Nf6 13.Rfd1 Be4 14.Qb2 Qd5 15.Bf1 Rad8
16.Nd2 Qg5 17.Nxe4 Nxe4 18.Be1 c5 19.Bg2 Nf6 20.dxc5 Bxc5 21.b4 Be7 22.Qb3 h5
23.Qa4 Rxd1 24.Rxd1 Rd8 25.Rxd8+ Bxd8 26.Qxa7 Qc1 27.Kf1 Ne4 28.Qd7 Bf6 29.Qe8+ Kh7
30.Bxe4+  1-0

[Event "Ljubljana op"]
[Site "Ljubljana"]
[Date "1997.??.??"]
[Round "5"]
[White "Kos, Toni"]
[Black "Novikov, Igor A"]
[Result "0-1"]
[WhiteElo "2295"]
[BlackElo "2580"]

1.e4 c5 2.c3 d5 3.exd5 Qxd5 4.d4 Nf6 5.Nf3 e6 6.Na3 Qd8 7.Bf4 Nc6 8.dxc5 Bxc5
9.Qxd8+ Kxd8 10.O-O-O+ Bd7 11.Ne5 Nxe5 12.Bxe5 Ke7 13.f3 Bxa3 14.bxa3 Rhc8
15.Kb2 Ne8 16.Bd3 f6 17.Bg3 Ba4 18.Rde1 Rd8 19.Re3 Rac8 20.Rhe1 Rc6 21.R1e2 Rxd3
22.Rxd3 Bb5 23.Rde3 Bxe2 24.Rxe2 Nd6 25.Bxd6+ Rxd6 26.Kc2 e5 27.Re4 Ra6 28.Kb3 Kd6
29.Rc4 Rc6 30.Ra4 Rb6+ 31.Kc2 a6 32.Rc4 Rc6 33.Rb4 b6 34.a4 a5 35.Rb5 Kc7
36.Kd3 Rd6+ 37.Kc2 Kc6 38.Kc1 Rd5 39.Rb2 Rc5 40.Kc2 Rc4 41.Kb3 Rf4 42.Rd2 h5
43.Rd8 h4 44.Rc8+ Kd6 45.Rd8+ Kc7 46.Rh8 g5 47.h3 e4 48.fxe4 Rxe4 49.Rf8 Rf4
50.Re8 Rf2 51.Re6 f5 52.Re5 Kd6 53.Rb5 Rxg2 54.Rxf5 Rg3 55.Rb5 Ke6 56.Rxb6+ Kf5
57.Rb5+ Kf4 58.Rxa5 Rxh3 59.Ra8 Re3 60.a5 h3 61.a6 Re7 62.a7 Kg4  0-1

[Event "Ljubljana op"]
[Site "Ljubljana"]
[Date "1997.??.??"]
[Round "6"]
[White "Novikov, Igor A"]
[Black "Tratar, Marko"]
[Result "1-0"]
[WhiteElo "2580"]
[BlackElo "2420"]

1.d4 Nf6 2.c4 g6 3.Nc3 Bg7 4.e4 d6 5.f3 O-O 6.Bg5 a6 7.Qd2 c6 8.Bd3 b5 9.Nge2 Nbd7
10.O-O Bb7 11.b3 e5 12.d5 b4 13.Na4 a5 14.a3 c5 15.Nb2 Qc7 16.a4 Rae8 17.Kh1 Kh8
18.g4 Bc8 19.Ng3 Ng8 20.Rf2 Ndf6 21.Rg1 h6 22.Be3 Nh7 23.h4 Qd8 24.Rh2 Qe7
25.Qg2 Rd8 26.Bc2 Rfe8 27.Nd3 Bd7 28.Qd2 Rc8 29.Nf2 Qf8 30.g5 h5 31.Nf5 gxf5
32.exf5 Qe7 33.f6 Ngxf6 34.gxf6 Bxf6 35.Bg5 Bxg5 36.hxg5 f5 37.gxf6 Qxf6
38.Bxh7 Qxf3+ 39.Rgg2 Kxh7 40.Qd3+ e4 41.Qxf3 exf3 42.Rxh5+  1-0

[Event "Ljubljana op"]
[Site "Ljubljana"]
[Date "1997.??.??"]
[Round "7"]
[White "Tukmakov, Vladimir B"]
[Black "Novikov, Igor A"]
[Result "1/2-1/2"]
[WhiteElo "2585"]
[BlackElo "2580"]

1.d4 d5 2.c4 c6 3.Nf3 Nf6 4.Nc3 e6 5.Bg5 h6 6.Bxf6 Qxf6 7.e3 Nd7 8.Bd3 dxc4
9.Bxc4 g6 10.O-O Bg7 11.Rc1 O-O 12.e4 e5 13.d5 Nb6 14.dxc6 bxc6 15.Be2 Rd8
16.Qc2 Bd7 17.Na4 Nxa4 18.Qxa4 Qe7 19.Rfd1 Be8 20.Qa5 Rdb8 21.b3 Qb4 22.Qxb4 Rxb4
23.Bc4 Kf8 24.Ne1 Ke7 25.Nd3 Rbb8 26.Ba6 Rb6 27.Nc5 Rd8 28.Kf1 Rxd1+ 29.Rxd1 Bf8
30.Bc4 Rb8 31.Ke2  1/2-1/2

[Event "Nova Gorica op"]
[Site "Nova Gorica"]
[Date "1997.??.??"]
[Round "1"]
[White "Novikov, Igor A"]
[Black "Tonon, Alessandro"]
[Result "1-0"]
[WhiteElo "2580"]
[BlackElo "2140"]

1.d4 Nf6 2.c4 e6 3.Nf3 b6 4.g3 Be7 5.Bg2 Bb7 6.O-O O-O 7.b3 c5 8.Nc3 cxd4
9.Qxd4 Nc6 10.Qf4 d5 11.Rd1 Bd6 12.Qh4 Bb4 13.Bb2 Ne7 14.cxd5 Bxc3 15.Bxc3 Nexd5
16.Bb4 Re8 17.e4 Nxb4 18.Rxd8 Raxd8 19.e5 Nfd5 20.Ng5 h6 21.Ne4 Ba8 22.Nd6 Rf8
23.Rd1 Nc6 24.Bxd5 exd5 25.f4 f6 26.Qg4 fxe5 27.Nf5 Rxf5 28.Qxf5 Nd4 29.Qg4  1-0

[Event "Nova Gorica op"]
[Site "Nova Gorica"]
[Date "1997.??.??"]
[Round "5"]
[White "Novikov, Igor A"]
[Black "Buturin, Vladimir"]
[Result "1-0"]
[WhiteElo "2580"]
[BlackElo "2465"]

1.d4 Nf6 2.c4 e6 3.Nf3 b6 4.g3 Bb7 5.Bg2 Bb4+ 6.Bd2 Bxd2+ 7.Qxd2 O-O 8.Nc3 Ne4
9.Qd3 Nxc3 10.Ng5 Ne4 11.Bxe4 Bxe4 12.Qxe4 Qxg5 13.Qxa8 Nc6 14.Qb7 Nxd4 15.Rd1 Qe5
16.e3 Nc2+ 17.Ke2 d5 18.Rd2 Nb4 19.b3 d4 20.Rxd4 Nxa2 21.Kf3 Qf5+ 22.Kg2 e5
23.Rd2 e4 24.Ra1 Nb4 25.Qxc7 Nd3 26.Qd6 h5 27.h4 Re8 28.Rxd3 Qf3+ 29.Kg1 exd3
30.Qxd3 a5 31.Rd1 g6 32.Rd2 Re6 33.Qc3 Rf6 34.Rd8+ Kh7 35.Qd2 Qf5 36.Qb2 Qf3
37.Rd4 Re6 38.Qd2 Rf6 39.Rd6 Rxd6 40.Qxd6 Qb7 41.Kf1 Qh1+ 42.Ke2 Qb1 43.Qd3 Qb2+
44.Kf3 Qf6+ 45.Kg2 Qb2 46.e4 Qe5 47.Qd5 Qf6 48.e5 Qe7 49.Kf3 Kg8 50.Qd6 Qa7
51.Qd8+ Kg7 52.Qf6+ Kh7 53.Qc6 Kg7 54.Ke4 Kh7 55.Kd5 Kg7 56.Kd6 Kf8 57.Qc8+ Kg7
58.Qd7 Qa8 59.Qc7 Qf8+ 60.Qe7 Qb8+  1-0

[Event "Cappelle op"]
[Site "Cappelle la Grande"]
[Date "1998.02.28"]
[Round "9"]
[White "Teske, Henrik"]
[Black "Novikov, Igor A"]
[Result "1/2-1/2"]
[WhiteElo "2475"]
[BlackElo "2550"]

1.d4 d5 2.Nf3 Nf6 3.Bg5 Ne4 4.Bf4 c5 5.dxc5 Nc6 6.Nbd2 Nxc5 7.e3 e6 8.Be2 Be7
9.O-O Bf6 10.c3 O-O  1/2-1/2